| Registos Bibliográficos associados ao registo de autoridade |
|
Etiqueta de registo: 00000nam 2200025 450 001 1822599 003 http://id.bnportugal.gov.pt/bib/catbnp/1822599 010 ## $a978-989-8285-61-4 021 ## $aPT$b347149/12 100 ## $a20121106d2011 k a0pory01030103ba 101 1# $apor$cfre 102 ## $aPT 105 ## $aa z 000yy 106 ## $ar 200 1# $a Os pacientes de Freud$edestinos$fMikkel Borch-Jacobsen$gtrad. Hélder Viçoso$grev. Texto & Grafia 205 ## $a1ª ed 210 #9 $aLisboa$cTexto & Grafia,$dcop. 2011 215 ## $a207 p.$cil.$d24 cm 304 ## $aTít. orig.: Les patients de Freud : destins 320 ## $aBibliografia, p. 191-207 675 ## $a616-052A/Z(436)"18/19"$vBN$zpor$31512448 675 ## $a159.964Freud, Sigmund$vBN$zpor$3291670 700 #1 $aBorch-Jacobsen,$bMikkel,$f1951-$31511034 702 #1 $aFreud,$bSigmund,$f1856-1939$4100$317868 712 02 $aTexto & Grafia$4675$31510852 801 #0 $aPT$bBN$gRPC 856 41 $uhttp://rnod.bnportugal.gov.pt/ImagesBN/winlibimg.aspx?skey=&doc=1822599&img=22059&save=true 900 ## $aBIBNAC$d20130321 966 ## $lBN$mFGMON$sS.A. 148856 V.$x1 966 ## $lBN$mFGMON$sS.A. 148856 V.-D$x1
Etiqueta de registo: 00000nam 2200025 450 001 1956599 003 http://id.bnportugal.gov.pt/bib/catbnp/1956599 010 ## $a978-989-8811-24-0 021 ## $aPT$b405684/16 100 ## $a20170220d2016 m a0pory01030103ba 101 1# $apor$cfre 102 ## $aPT 105 ## $aa z 000yy 106 ## $ar 200 1# $a Os pacientes de Freud$edestinos$fMikkel Borch-Jacobsen$gtrad. Hélder Viçoso 205 ## $a2ª ed 210 #9 $aLisboa$cTexto & Grafia,$d2016 215 ## $a207 p.$cil.$d24 cm 304 ## $aTít. orig.: Les patients de Freud : destins 675 ## $a616-052A/Z(436)"18/19"$vBN$zpor$31512448 675 ## $a159.964Freud, Sigmund$vBN$zpor$3291670 700 #1 $aBorch-Jacobsen,$bMikkel,$f1951-$31511034 702 #1 $aViçoso,$bHélder$4730$31392021 801 #0 $aPT$bBN$gRPC 856 41 $uhttp://rnod.bnportugal.gov.pt/ImagesBN/winlibimg.aspx?skey=&doc=1956599&img=91474&save=true 900 ## $aBIBNAC$d20170330 966 ## $lBN$mFGMON$sS.A. 57843 P.$x1 966 ## $lBN$mFGMON$sS.A. 57843 P.-D$x1
Etiqueta de registo: 00254nam 2200025 450 001 2287933 003 http://id.bnportugal.gov.pt/bib/catbnp/2287933 010 ## $a978-989-568-261-4 021 ## $aPT$b563257/26 100 ## $a20260616d2026 m y0pory01030103ba 101 1# $apor 102 ## $aPT 105 ## $ay z 000yy 106 ## $ar 200 1# $a ( Novo) fascismo$econtágio, comunidade, mito$fNidesh Lawtoo$gapresent. Mikkel Borch-Jacobsen$gtrad. Sara Belo 205 ## $a1ª ed 210 #9 $a[S.l.]$cDocumenta,$d2026 215 ## $a236 p.$d21 cm 700 #1 $aLawtoo,$bNidesh,$f1976-$32000663 702 #1 $aBorch-Jacobsen,$bMikkel,$f1951-$4450$31511034 702 #1 $aBelo,$bSara$4730$31394036 801 #0 $aPT$bBN$gRPC 966 ## $lBN$mFGMON$x1 966 ## $lBN$mFGMON$x1 971 ## $cisantos$d20260616
|
|
|